this spotify playlist - Statistics

General Stats
  • This quiz has been taken 6 times
    4 since last reset
  • The average score is 18 of 125
Answer Stats
Artist Song % Correct
Arctic Monkeys 505
75%
Red Hot Chili Peppers Californication
75%
Olivia Rodrigo drivers license
75%
Olivia Rodrigo good 4 u
75%
Olivia Rodrigo vampire
75%
Coldplay Yellow
75%
Vanessa Carlton A Thousand Miles
50%
Michael Jackson Bad
50%
Olivia Rodrigo bad idea right?
50%
Arctic Monkeys Do I Wanna Know?
50%
Olivia Rodrigo get him back!
50%
Lil Nas X, Jack Harlow INDUSTRY BABY
50%
Maroon 5, Christina Aguilera Moves Like Jagger
50%
Twenty One Pilots Stressed Out
50%
Ke$ha TiK ToK
50%
Charli xcx 360
25%
Olivia Rodrigo all-american bitch
25%
Smash Mouth All Star
25%
blink-182 All The Small Things
25%
Green Day American Idiot
25%
Billie Eilish bad guy
25%
Michael Jackson Billie Jean
25%
Queen Bohemian Rhapsody
25%
Olivia Rodrigo brutal
25%
Coldplay Clocks
25%
Avril Lavigne Complicated
25%
Metallica Enter Sandman
25%
Sabrina Carpenter Espresso
25%
Tears For Fears Everybody Wants To Rule The World
25%
Iggy Azalea, Charli xcx Fancy
25%
Olivia Rodrigo favorite crime
25%
Katy Perry Firework
25%
Lizzo, Ariana Grande Good as Hell
25%
Glass Animals Heat Waves
25%
Outkast Hey Ya!
25%
Katy Perry I Kissed A Girl
25%
blink-182 I Miss You
25%
The Killers Mr. Brightside
25%
Sabrina Carpenter Nobody's Son
25%
Kendrick Lamar Not Like Us
25%
Bastille Pompeii
25%
Technotronic Pump Up The Jam
25%
P!nk Raise Your Glass
25%
Twenty One Pilots Ride
25%
fun. Some Nights
25%
a-ha Take on Me
25%
Britney Spears Toxic
25%
Kendrick Lamar, Lefty Gunplay tv off
25%
Red Hot Chili Peppers Under The Bridge
25%
Empire of The Sun Walking On A Dream
25%
Halsey Without Me
25%
The Cranberries Zombie
25%
Bowling For Soup 1985
0%
Taylor Swift 22
0%
Ariana Grande 7 rings
0%
Don Toliver After Party
0%
Sir Mix-a-Lot Baby Got Back
0%
Steve Lacy Bad Habit
0%
Lady Gaga Bad Romance
0%
Michael Jackson Beat It
0%
Sabrina Carpenter Bed Chem
0%
Red Hot Chili Peppers Bella
0%
Imagine Dragons Bones
0%
Evanescence Bring Me To Life
0%
Muse Cryogen
0%
Red Hot Chili Peppers Dark Necessities
0%
Red Hot Chili Peppers Did I Let You Know
0%
Florence + The Machine Dog Days Are Over
0%
Mariah Carey Emotions
0%
Pearl Jam Even Flow
0%
Red Hot Chili Peppers Fake as Fu@k
0%
Britney Manson FASHION
0%
6arelyhuman Faster n Harder
0%
Gorillaz Feel Good Inc.
0%
Coldplay feelslikeimfallinginlove
0%
Owl City Fireflies
0%
chloe moriondo Fruity
0%
Yeah Yeah Yeahs Heads Will Roll
0%
Red Hot Chili Peppers Here Ever After
0%
Mariah Carey Honey
0%
Panic! At The Disco House of Memories
0%
Lady Gaga How Bad Do U Want Me
0%
Linkin Park In The End
0%
The Goo Goo Dolls Iris
0%
Panic! At The Disco I Write Sins Not Tragedies
0%
Lady Gaga, Colby O'Donis Just Dance
0%
Red Hot Chili Peppers Let 'Em Cry
0%
Earth, Wind & Fire Let's Groove
0%
Maroon 5 Maps
0%
Maroon 5 Misery
0%
Paramore Misery Business
0%
Kendrick Lamar N95
0%
Metallica One
0%
Train Play That Song
0%
Bell Biv DeVoe Poison
0%
ilyTOMMY pretty ho3
0%
Adele Rolling in the Deep
0%
Third Eye Blind Semi-Charmed Life
0%
No Doubt Settle Down
0%
beabadoobee She Plays Bass
0%
Red Hot Chili Peppers She's a Lover
0%
Maroon 5 She Will Be Loved
0%
The Cardigans Sick & Tired
0%
Avril Lavigne Sk8er Boi
0%
Chase Atlantic Slow Down
0%
P!nk So What
0%
Kendrick Lamar squabble up
0%
Muse Starlight
0%
Paramore Still Into You
0%
Waterparks Stupid for You
0%
Muse Supermassive Black Hole
0%
Eurythmics Sweet Dreams
0%
Red Hot Chili Peppers The Adventures of Rain Dance Maggie
0%
Gwen Stefani, Akon The Sweet Escape
0%
ABBA The Winner Takes It All
0%
P!nk TRUSTFALL
0%
Bad Omens, Poppy V.A.N
0%
Coldplay Viva la Vida
0%
Green Day Wake Me Up When September Ends
0%
Mitski Washing Machine Heart
0%
Taylor Swift We Are Never Ever Getting Back Together
0%
blink-182 What's My Age Again?
0%
Arctic Monkeys Why'd You Only Call Me When You're High?
0%
Bo Burnham Words, Words, Words
0%
No Doubt World Go 'Round
0%
No matching quizzes found
Score Distribution
Percent of People with Each Score
Percentile by Number Answered
Your Score History
You have not taken this quiz since the last reset